Bankim Rachanabali : (Record no. 6444)

MARC details
000 -LEADER
fixed length control field 00448cam a2200181ua 4500
008 - FIXED-LENGTH DATA ELEMENTS--GENERAL INFORMATION
fixed length control field 141206n ii |||gr||||Z||||||ben
040 ## - CATALOGING SOURCE
Transcribing agency MAIN
041 ## - LANGUAGE CODE
-- ben
082 ## - DEWEY DECIMAL CLASSIFICATION NUMBER
Classification number 891.444
100 ## - MAIN ENTRY--PERSONAL NAME
Personal name Chakravorty, S.,
Relator term
245 1# - TITLE STATEMENT
Title Bankim Rachanabali :
Remainder of title 2nd vol. /
Statement of responsibility, etc. Edited by Subodh Chakravorty .
250 ## - EDITION STATEMENT
Edition statement 1st.
260 ## - PUBLICATION, DISTRIBUTION, ETC.
Place of publication, distribution, etc. Calcutta:
Name of publisher, distributor, etc. Kamini,
Date of publication, distribution, etc. 1991.
300 ## - PHYSICAL DESCRIPTION
Extent 1051p.
942 ## - ADDED ENTRY ELEMENTS (KOHA)
Koha item type Books
653 ## - INDEX TERM--UNCONTROLLED
Uncontrolled term Bengali essays
Holdings
Withdrawn status Lost status Damaged status Not for loan Home library Current library Shelving location Date acquired Total Checkouts Full call number Barcode Date last seen Date last checked out Copy number Price effective from Koha item type
        Naharkatiya College Library Naharkatiya College Library General Stacks 19/09/2020 1 891.444 | BAN 20390 21/05/2024 08/04/2024 1 19/09/2020 Books

Naharkatiya College © 2020. All rights reserved.

Powered By